000 00896nam a22002657a 4500
005 20220329141224.0
008 971010s1984 r 10010 d
010 _a64627
011 _a65599
035 _a72661
082 _a636.08
_bR46 1984
111 0 0 _aReunión de Investigación en México (
_d1984
_c: México, D.F.)
_996306
245 _aMemorias
260 _aMéxico, D.F. :
_bInstituto Nacional de Investigaciones Pecuarias,
_c[1984]
300 _a389 p.
500 _aD98-190
590 _aBATCH-UPD
_b10
_c20130110
_lUCH01
_h0719
590 _aBATCH-UPD
_b10
_c20130410
_lUCH01
_h0404
590 _aBATCH-UPD
_b10
_c20130914
_lUCH01
_h1500
590 _aCONVERSION
_b10
_c20130109
_lUCH01
_h1335
650 1 4 _aGanadería
_xCongresos.
_944677
650 1 4 _aGanadería
_xInvestigación
_zMéxico.
_944808
901 _aBK
949 _a636.08 R46 1984
_bZA
_cLIBRO
_d-5377
_eLIBRO
_h4894
_i72661
_si
999 _c64627
_d64627